• 首页
  • 本馆介绍
  • 公告通知
  • 最新文献
  • 馆藏检索
  • 电子资源
  • 读者导购
  • 参考咨询
  • 我的图书馆
  • 登录
  • 详细信息显示
  • 放入我的书架
  • 预约/预借图书
  • 作者相关作品
  • 分类相关作品
  • 丛书相关作品
  • 出版社相关作品

书目信息

  • 表格格式
  • 工作单格式
  • 卡片格式
书名: A Reinhold Niebuhr reader
作者: compiled and edited by Charles C. Brown.
分册号:
分册名:
出版地: Philadelphia :
 
出版社: Trinity Press International
出版时间: 1992.
页数: xiii, 173 p. ;
开本: 23 cm.
丛书名:
中图分类号:
科图分类号:
其他分类号: B91
主题词:
电子资源:
000 00842cam a2200265 a 450
001 E0756518744
005 20070710154621.06
008 920710r1992 pau 000 0 eng
010    @a92028345
020    @a1563380439 (pbk.) :@c$18.95.
035    @A(DLC) 92028345
040    @aDLC@cDLC@dDLC
050 00 @aBR85@b.N6242 1992
082 00 @a230@2 20
090    @aB91
099    @dB91@ex51
100 1  @aNiebuhr, Reinhold,@d1892-1971.
240 10 @aSelections.@f1992
245 12 @aA Reinhold Niebuhr reader :@bselected essays, articles, and book reviews / @ccompiled and edited by Charles C. Brown.
250    @a1st ed.
260    @aPhiladelphia :@bTrinity Press International,@c1992.
300    @axiii, 173 p. ;@c23 cm.
650  0 @aChurch and social problems.
650  0 @aTheology.
700 1  @aBrown, Charles C.@q(Charles Calvin),@d1938-
    
    A Reinhold Niebuhr reader : : selected essays, articles, and book reviews / / compiled and edited by Charles C. Brown.-1st ed.-Philadelphia : : Trinity Press International, , 1992.
    xiii, 173 p. ; ; 23 cm.
    
    
    ISBN 1563380439 (pbk.) :$18.95.
    
●
相关链接 在E读中查询图书 在五车中查询图书 在当当中查询图书 在豆瓣中查询图书


正题名:Reinhold Niebuhr reader     索取号:B91/x51         预约/预借

序号 登录号 条形码 馆藏地/架位号 状态 备注
1 0011660   300116602   第二样本阅览室/ [索取号:B91/x51] 在馆    
唐山师范学院图书馆 欢迎您!
大连网信软件有限公司© 版权所有